000 00692nam a2200193Ia 4500
003 GCL
008 140319s9999 xx 000 0 ara d
040 _aGCL /
_cGCL
082 0 4 _a791.43
_bأ س
100 1 _aانور الشناوى (مخرج)
245 1 0 _aالسراب (شرائط فيديو) /
_cانور الشناوى (مخرج)
260 _aالقاهرة :
_bالمؤسسة المصرية العامة للسينما
300 _a1 شريط:
_bس ، ب ؛
_c1\2 بوصة
650 0 4 _aالافلام السينمائية
650 0 4 _aالافلام العربية
650 0 4 _aالافلام الاجتماعية
650 0 4 _aالفيديو، أشرطة
942 _2ddc
_cVM
999 _c28793
_d28793